UBT Library

Intermediate listening comprehension : (Record no. 43833)

000 -LEADER
fixed length control field 00762pam a2200229 a 4500
001 - CONTROL NUMBER
control field 4415566
005 - DATE AND TIME OF LATEST TRANSACTION
control field 20180301072359.0
008 - FIXED-LENGTH DATA ELEMENTS--GENERAL INFORMATION
fixed length control field 930628s1994 mauab b 000 0 eng
010 ## - LIBRARY OF CONGRESS CONTROL NUMBER
LC control number 93027953
020 ## - INTERNATIONAL STANDARD BOOK NUMBER
International Standard Book Number 0838448380
040 ## - CATALOGING SOURCE
Original cataloging agency DLC
Transcribing agency DLC
Modifying agency DLC
041 ## - LANGUAGE CODE
Language code of text/sound track or separate title eng
080 ## - UNIVERSAL DECIMAL CLASSIFICATION NUMBER
Universal Decimal Classification number 428.34 PAN
082 00 - DEWEY DECIMAL CLASSIFICATION NUMBER
Classification number 428.34 PAN
Edition number 20
100 1# - Rafti
Rafti 25
101 ## - Shkurtesa
Shkurtesa EDU
245 10 - TITLE STATEMENT
Title Intermediate listening comprehension :
Statement of responsibility, etc Patricia Dunkel, Phyllis L. Lim.
504 ## - BIBLIOGRAPHY, ETC. NOTE
Bibliography, etc Includes bibliographical references (p. viii).
906 ## - LOCAL DATA ELEMENT F, LDF (RLIN)
a 7
b cbc
c orignew
d 1
e ocip
f 19
g y-gencatlg
942 ## - ADDED ENTRY ELEMENTS (KOHA)
Source of classification or shelving scheme
Item type Books

No items available.

UBT Library © 2015-2024. All rights reserved University Education for Business and Technology